000 00905nam a2200253 i 4500
001 bg
100 1 _aBORYSIUK, Zbigniew
245 1 0 _aPsychomotoryczne i osobowościowe uwarunkowania poziomu mistrzowskiego w szermierce /
_cZbigniew Borysiuk.
260 _aOpole :
_bOficyna Wydawnicza PO,
_c2002.
300 _a135 s. :
_bil. ;
_c24 cm.
490 1 _aStudia i Monografie / Politechnika Opolska,
_x1429-6063 ;
_vz. 127
504 _aBibliogr.
650 9 _aOsobowość
_xbadanie
_xmetody
650 9 _aRuchy
_xpsychologia
_xbadanie
_xmetody
650 9 _aStatystyka
_xstosowanie
_xsport
650 9 _aSzermierka
_xnauczanie i trening
650 9 _aWydolność fizyczna
_xbadanie
_xmetody
830 0 _aStudia i Monografie (Politechnika Opolska) ;
_vz. 127
040 _cBPK
041 0 _apol
080 _a796.86.015:613.7:159.922/.923:311
942 _cKS
008 s pl f |000 0 pol
999 _c42829
_d42829
856 _uhttp://koha.tu.koszalin.pl/cgi-bin/koha/opac-detail.pl?biblionumber=42829
_yKatalog online BPK